000 00528nam a2200193Ia 4500
005 20260429112206.0
008 260429s9999||||xx |||||||||||||| ||und||
020 _a9789387867550
041 _aEnglish
082 _a320.954
_bSAS
100 _aSastri, R. Shama
245 0 _aEvolution of Indian polity /
_cR. Shama Sastri
250 _a1st ed.
260 _aChennai :
_bMaven Books,
_c2023.
300 _axiv, 176 p.; hb
650 _a Constitutional development
650 _aPolitical institutions-India
942 _cTB
999 _c52818
_d52818